[Event "Vojvodina-chT"]
[Site "Kac"]
[Date "2014.11.12"]
[Round "7.2"]
[White "Joksimovic, Dragoljub"]
[Black "Markovic, Milovan"]
[Result "1/2-1/2"]
[WhiteElo "2205"]
[BlackElo "2259"]
[PlyCount "28"]
[EventDate "2014.11.08"]
[EventType "team-tourn"]
[EventRounds "11"]
[EventCountry "SRB"]
[SourceTitle "EXT 2017"]
[Source "ChessBase"]
[SourceDate "2016.10.25"]
[SourceVersion "1"]
[SourceVersionDate "2016.10.25"]
[SourceQuality "1"]

1. g3 Nf6 2. Bg2 g6 3. c4 Bg7 4. Nc3 0-0 5. d4 d6 6. e3 c6 7. Nge2 Bg4 8. h3 Bd7 9. 0-0 Na6 10. b3 Nc7 11. Bb2 Rb8 12. Qd2 d5 13. Rfe1 Bf5 14. Nf4 h5 1/2-1/2

[Event "Vojvodina-chT"]
[Site "Kac"]
[Date "2014.11.11"]
[Round "6.6"]
[White "Markovic, Milovan"]
[Black "Banovic, Ivan"]
[Result "1/2-1/2"]
[WhiteElo "2259"]
[BlackElo "2226"]
[PlyCount "35"]
[EventDate "2014.11.08"]
[EventType "team-tourn"]
[EventRounds "11"]
[EventCountry "SRB"]
[SourceTitle "EXT 2017"]
[Source "ChessBase"]
[SourceDate "2016.10.25"]
[SourceVersion "1"]
[SourceVersionDate "2016.10.25"]
[SourceQuality "1"]

1. Nf3 Nf6 2. g3 g6 3. Bg2 Bg7 4. 0-0 0-0 5. d4 d6 6. Re1 c5 7. c3 Nc6 8. dxc5 dxc5 9. Qxd8 Rxd8 10. Be3 Nd7 11. Rd1 Rb8 12. a4 b6 13. Na3 Ba6 14. Nb5 Bb7 15. Nd2 Nde5 16. h3 h6 17. Na3 Na5 18. f4 1/2-1/2

[Event "Vojvodina-chT2"]
[Site "Vrbas"]
[Date "2011.09.30"]
[Round "9"]
[White "Markovic, Milovan"]
[Black "Petakov, Uros"]
[Result "1/2-1/2"]
[WhiteElo "2248"]
[BlackElo "2352"]
[PlyCount "79"]
[EventDate "2011.09.25"]
[EventType "team-tourn"]
[EventRounds "11"]
[EventCountry "SRB"]
[SourceTitle "CBM 144 Extra"]
[Source "ChessBase"]
[SourceDate "2011.10.28"]
[SourceVersion "1"]
[SourceVersionDate "2011.10.28"]
[SourceQuality "1"]

1. d4 Nf6 2. Nf3 e6 3. g3 Be7 4. Bg2 0-0 5. 0-0 d5 6. c3 Nbd7 7. Nbd2 b6 8. Re1 Bb7 9. Ng5 Ng4 10. Ndf3 Ndf6 11. h3 Nxf2 12. Kxf2 h6 13. Qc2 hxg5 14. Nxg5 Ng4+ 15. hxg4 Bxg5 16. Bf4 Bxf4 17. gxf4 Qf6 18. Kg3 g6 19. g5 Qf5 20. Qd2 Kg7 21. Qe3 Rh8 22. Rh1 Rxh1 23. Rxh1 Rh8 24. Bh3 Qe4 25. Qxe4 dxe4 26. Bg2 Rxh1 27. Bxh1 f5 28. gxf6+ Kxf6 29. Bg2 Bc6 30. c4 Bb7 31. b4 Ba6 32. b5 Bb7 33. a4 a5 34. Bh3 Ba8 35. Kf2 Bb7 36. Ke3 Ba8 37. Kd2 Bb7 38. Kc3 Ba8 39. e3 Bb7 40. Bg4 1/2-1/2

[Event "Vojvodina-chT2"]
[Site "Vrbas"]
[Date "2011.09.28"]
[Round "5"]
[White "Markovic, Milovan"]
[Black "Somborski, Nebojsa"]
[Result "0-1"]
[WhiteElo "2248"]
[BlackElo "2355"]
[PlyCount "104"]
[EventDate "2011.09.25"]
[EventType "team-tourn"]
[EventRounds "11"]
[EventCountry "SRB"]
[SourceTitle "CBM 144 Extra"]
[Source "ChessBase"]
[SourceDate "2011.10.28"]
[SourceVersion "1"]
[SourceVersionDate "2011.10.28"]
[SourceQuality "1"]

1. d4 Nf6 2. Nf3 d5 3. g3 e6 4. Bg2 Be7 5. 0-0 0-0 6. Nbd2 c5 7. c3 Nc6 8. e3 b6 9. Re1 Bb7 10. Qc2 Rc8 11. Qd3 Qc7 12. Qe2 Rfe8 13. dxc5 Bxc5 14. Nb3 Bf8 15. Nfd2 e5 16. e4 d4 17. Nb1 h6 18. Bd2 Qd7 19. Nc1 Rcd8 20. Nb3 Qc8 21. Qf3 Nh7 22. h4 a5 23. Bc1 a4 24. N3d2 Ba6 25. Nf1 Rd6 26. Bd2 Red8 27. Qd1 a3 28. Qc2 axb2 29. Qxb2 Rf6 30. cxd4 Nxd4 31. Nc3 Bxf1 32. Rxf1 Rc6 33. Kh2 Nf6 34. Rac1 Qa6 35. Qb1 Nf3+ 36. Bxf3 Rxd2 37. Kg2 Bc5 38. a4 Rcd6 39. Qb5 Qxb5 40. axb5 Rb2 41. Rb1 Rdd2 42. Rxb2 Rxb2 43. g4 g5 44. hxg5 hxg5 45. Nd5 Kg7 46. Nc7 Kf8 47. Kg3 Ke7 48. Bg2 Kd6 49. Nd5 Rb3+ 50. Kh2 Nxg4+ 51. Kg1 Nxf2 52. Kh2 g4 0-1

[Event "Vojvodina-chT2"]
[Site "Vrbas"]
[Date "2011.09.26"]
[Round "2"]
[White "Sertic, Rudolf"]
[Black "Markovic, Milovan"]
[Result "0-1"]
[WhiteElo "2430"]
[BlackElo "2248"]
[PlyCount "94"]
[EventDate "2011.09.25"]
[EventType "team-tourn"]
[EventRounds "11"]
[EventCountry "SRB"]
[SourceTitle "CBM 144 Extra"]
[Source "ChessBase"]
[SourceDate "2011.10.28"]
[SourceVersion "1"]
[SourceVersionDate "2011.10.28"]
[SourceQuality "1"]

1. d4 d5 2. Nf3 Nf6 3. c4 c6 4. Qc2 g6 5. Nbd2 Bg7 6. e3 0-0 7. Bd3 Nbd7 8. 0-0 Re8 9. b3 Nf8 10. Bb2 Be6 11. Ng5 Bd7 12. f4 Ng4 13. Rae1 f6 14. Ngf3 Nh6 15. h3 Bf5 16. e4 dxe4 17. Nxe4 Qc7 18. Nc5 Bc8 19. b4 b6 20. Nb3 Bf5 21. g4 Bxd3 22. Qxd3 g5 23. Kh1 gxf4 24. g5 Nf7 25. gxf6 exf6 26. Nbd2 Qd7 27. Kh2 Qd6 28. Ne4 Qxb4 29. Bc3 Qa3 30. Rg1 Ng6 31. h4 f5 32. Ned2 Nh6 33. Kh3 Ng4 34. Ref1 Nh6 35. Re1 Rxe1 36. Rxe1 c5 37. h5 cxd4 38. Nb1 Qf8 39. Nxd4 Ne5 40. Qf1 Qf7 41. Qxf4 Qxh5+ 42. Kg3 Nd3 43. Qd6 f4+ 44. Kg2 Nxe1+ 45. Bxe1 Re8 46. Bf2 Bxd4 47. Qxd4 f3+ 0-1

[Event "Vojvodina-chT 2nd League"]
[Site "Sombor"]
[Date "2010.10.11"]
[Round "2"]
[White "Markovic, Milovan"]
[Black "Kosic, Dragan"]
[Result "0-1"]
[WhiteElo "2240"]
[BlackElo "2481"]
[PlyCount "104"]
[EventDate "2010.10.10"]
[EventType "team-tourn"]
[EventRounds "9"]
[EventCountry "YUG"]
[SourceTitle "CBM 138 Extra"]
[Source "ChessBase"]
[SourceDate "2010.10.29"]
[SourceVersion "1"]
[SourceVersionDate "2010.10.29"]
[SourceQuality "1"]

1. d4 Nf6 2. c4 e6 3. Nc3 Bb4 4. Qb3 c5 5. Nf3 Nc6 6. dxc5 Ne4 7. e3 Bxc3+ 8. bxc3 Nxc5 9. Qc2 0-0 10. Be2 b6 11. Ba3 Ba6 12. Nd4 Ne5 13. Nb5 Bb7 14. Bf1 f5 15. Bxc5 bxc5 16. Nd6 Bc6 17. f3 Rb8 18. Rd1 Qa5 19. Rd2 Bxf3 20. gxf3 Nxf3+ 21. Kf2 Nxd2 22. Qxd2 a6 23. Bg2 Qc7 24. Rd1 Rb6 25. Kg1 Qb8 26. Qd3 Rb2 27. e4 f4 28. e5 Rxa2 29. Rb1 Qd8 30. Ne4 h6 31. Qf3 Rf5 32. Qg4 Kh7 33. Kh1 h5 34. Qh3 Rxe5 35. Bf3 g6 36. Rg1 Qe7 37. Qf1 Qh4 38. Rg2 Rxg2 39. Kxg2 Qe7 40. Qf2 g5 41. Nd2 Kh6 42. h4 gxh4 43. Ne4 a5 44. Qd2 Rf5 45. Qc2 Qg7+ 46. Kf1 h3 47. Qh2 a4 48. Qxh3 a3 49. Qh2 d5 50. Nd6 Rg5 51. Qxf4 a2 52. Qc1 a1Q 0-1

[Event "Vojvodina-chT"]
[Site "Sombor"]
[Date "2008.10.02"]
[Round "3"]
[White "Bodiroga, Predrag"]
[Black "Markovic, Milovan"]
[Result "1-0"]
[WhiteElo "2435"]
[BlackElo "2254"]
[PlyCount "77"]
[EventDate "2008.10.01"]
[EventType "tourn"]
[EventRounds "11"]
[EventCountry "YUG"]
[SourceTitle "EXT 2010"]
[Source "ChessBase"]
[SourceDate "2010.11.25"]
[SourceVersion "1"]
[SourceVersionDate "2010.11.25"]
[SourceQuality "1"]

1. d4 d5 2. c4 c6 3. Nc3 e6 4. e3 Nf6 5. Nf3 Bd6 6. Bd3 Nbd7 7. 0-0 0-0 8. Qc2 Qc7 9. c5 Be7 10. e4 dxe4 11. Nxe4 Nxe4 12. Bxe4 Nf6 13. Bg5 h6 14. Be3 Qd8 15. Bd3 Nd5 16. Bd2 Bf6 17. Rfe1 Qc7 18. Bc4 Rd8 19. Qe4 b5 20. Bd3 a5 21. Rad1 a4 22. Qh7+ Kf8 23. Re4 Bd7 24. Rg4 Ke7 25. Rxg7 Bxg7 26. Qxg7 Rg8 27. Qxh6 Raf8 28. Qh4+ f6 29. Bh6 Ra8 30. Ne5 Be8 31. Be4 Bf7 32. Ng4 Qd8 33. g3 Rg6 34. Bxg6 Bxg6 35. Bf4 Kd7 36. Ne3 Nb4 37. d5 e5 38. Qg4+ Ke8 39. Qe6+ 1-0

[Event "Vojvodina-chT"]
[Site "Pancevo"]
[Date "2007.09.27"]
[Round "5"]
[White "Markovic, Milovan"]
[Black "Miljanic, Boro"]
[Result "0-1"]
[WhiteElo "2257"]
[BlackElo "2404"]
[PlyCount "64"]
[EventDate "2007.09.24"]
[EventType "team-tourn"]
[EventRounds "9"]
[EventCountry "SRB"]
[SourceTitle "EXT 2023"]
[Source "ChessBase"]
[SourceDate "2022.10.05"]
[SourceVersion "1"]
[SourceVersionDate "2022.10.05"]
[SourceQuality "1"]

1. e4 e6 2. d4 d5 3. exd5 exd5 4. Bd3 Nf6 5. Bg5 Be7 6. Nd2 0-0 7. Ngf3 h6 8. Bf4 c5 9. dxc5 Bxc5 10. 0-0 Nc6 11. c3 Nh5 12. Bg3 Nxg3 13. hxg3 Qf6 14. Nb3 Bb6 15. Qd2 Bg4 16. Be2 Rfe8 17. Bd1 Bxf3 18. Bxf3 Ne5 19. Qxd5 Rad8 20. Qxb7 Re7 21. Qe4 Nd3 22. Qg4 Nxb2 23. c4 Nd3 24. Qh4 g5 25. Qh5 Kg7 26. Rad1 Red7 27. Rd2 a5 28. Bd5 Nb4 29. Rfd1 Nxd5 30. cxd5 Rxd5 31. Qe2 Qxf2+ 32. Qxf2 Bxf2+ 0-1

[Event "Serbia-ch"]
[Site "Vrnjacka Banja"]
[Date "2006.02.02"]
[Round "5"]
[White "Markovic, Milovan"]
[Black "Arsovic, Zoran"]
[Result "1/2-1/2"]
[WhiteElo "2260"]
[BlackElo "2417"]
[PlyCount "49"]
[EventDate "2006.01.30"]
[EventType "swiss"]
[EventRounds "9"]
[EventCountry "YUG"]
[SourceTitle "CBM 110 Extra"]
[Source "ChessBase"]
[SourceDate "2006.03.10"]
[SourceVersion "2"]
[SourceVersionDate "2006.03.10"]
[SourceQuality "1"]

1. e4 c5 2. Nf3 d6 3. Bc4 Nf6 4. d3 Nc6 5. a3 g6 6. h3 Bg7 7. Nc3 0-0 8. Be3 a6 9. Qd2 b5 10. Ba2 Bb7 11. 0-0 Rc8 12. Rac1 e6 13. Bg5 Qd7 14. Nh2 Nd4 15. Rce1 Kh8 16. Nd1 Ng8 17. c3 Nc6 18. Ng4 f6 19. Be3 f5 20. Nh2 Rce8 21. f3 Ne5 22. Nf2 Nf6 23. g4 Re7 24. Bg5 Ree8 25. Be3 1/2-1/2

[Event "Serbia-ch"]
[Site "Vrnjacka Banja"]
[Date "2006.02.01"]
[Round "4"]
[White "Nestorovic, Nikola"]
[Black "Markovic, Milovan"]
[Result "0-1"]
[WhiteElo "2152"]
[BlackElo "2260"]
[PlyCount "82"]
[EventDate "2006.01.30"]
[EventType "swiss"]
[EventRounds "9"]
[EventCountry "YUG"]
[SourceTitle "CBM 110 Extra"]
[Source "ChessBase"]
[SourceDate "2006.03.10"]
[SourceVersion "2"]
[SourceVersionDate "2006.03.10"]
[SourceQuality "1"]

1. e4 c5 2. Nf3 Nc6 3. Bb5 Qb6 4. Bxc6 Qxc6 5. Nc3 e6 6. d4 b5 7. 0-0 Nf6 8. d5 Qb7 9. Bg5 b4 10. Bxf6 gxf6 11. Ne2 Qc7 12. a3 Rb8 13. Ng3 h5 14. e5 fxe5 15. Ne4 d6 16. dxe6 fxe6 17. Nh4 Rh6 18. f4 d5 19. Ng5 exf4 20. g3 Bd6 21. Qf3 bxa3 22. bxa3 c4 23. Rae1 Qc5+ 24. Rf2 Be7 25. gxf4 Qxa3 26. Re3 Rb1+ 27. Kg2 Qc1 28. Kg3 Qd1 29. Rfe2 Bc5 30. Re5 Qg1+ 31. Rg2 Qf1 32. Qxd5 Be7 33. Qa8 Kd7 34. Rd2+ Kc7 35. Qxa7+ Rb7 36. Qa5+ Kb8 37. Re4 Qg1+ 38. Rg2 Qd1 39. Rxc4 Qg4+ 40. Kf2 Qxh4+ 41. Ke3 e5 0-1

[Event "Vojvodina-chT"]
[Site "Pancevo"]
[Date "2005.10.09"]
[Round "9"]
[White "Ilincic, Zlatko"]
[Black "Markovic, Milovan"]
[Result "1-0"]
[WhiteElo "2540"]
[BlackElo "2260"]
[PlyCount "49"]
[EventDate "2005.10.03"]
[EventType "team-tourn"]
[EventRounds "9"]
[EventCountry "YUG"]
[SourceTitle "CBM 108 Extra"]
[Source "ChessBase"]
[SourceDate "2005.11.04"]
[SourceVersion "1"]
[SourceVersionDate "2005.11.04"]
[SourceQuality "1"]

1. d4 Nf6 2. c4 g6 3. g3 Bg7 4. Bg2 0-0 5. Nc3 d6 6. Nf3 Nc6 7. 0-0 Bg4 8. d5 Na5 9. b3 c5 10. dxc6 Nxc6 11. Bb2 Qd7 12. Qd2 Bh3 13. Rfd1 Rfd8 14. Rac1 Rac8 15. Bh1 Qe8 16. Ng5 Bh6 17. f4 Bg4 18. h3 Bd7 19. g4 e5 20. e3 Bg7 21. Nb5 Bf8 22. fxe5 dxe5 23. Qf2 Be6 24. Qxf6 Be7 25. Ne4 1-0

[Event "SCG-chT 48th"]
[Site "Herceg Novi"]
[Date "2005.05.17"]
[Round "3"]
[White "Markovic, Milovan"]
[Black "Stamenkovic, Aleksandar"]
[Result "0-1"]
[WhiteElo "2260"]
[BlackElo "2272"]
[PlyCount "88"]
[EventDate "2005.05.15"]
[EventType "team-tourn"]
[EventRounds "7"]
[EventCountry "YUG"]
[SourceTitle "CBM 106 Extra"]
[Source "ChessBase"]
[SourceDate "2005.07.01"]
[SourceVersion "1"]
[SourceVersionDate "2005.07.01"]
[SourceQuality "1"]

1. d4 d5 2. Nf3 c6 3. Bf4 Qb6 4. b3 Bf5 5. e3 e6 6. Be2 Be7 7. 0-0 Nd7 8. c4 Ngf6 9. c5 Qd8 10. Nbd2 Nh5 11. b4 g5 12. Bxg5 Bxg5 13. Nxg5 Qxg5 14. Bxh5 Bh3 15. Qf3 Bxg2 16. Bxf7+ Ke7 17. Qxg2 Qxg2+ 18. Kxg2 Kxf7 19. f4 Kf6 20. Rg1 Nf8 21. Kf2 Ng6 22. Rg5 a5 23. b5 cxb5 24. Rb1 b4 25. a3 bxa3 26. Rxb7 Rhb8 27. Rxb8 Rxb8 28. Rg1 a2 29. Ra1 Rb2 30. Ke2 a4 31. Kd3 Nh4 32. e4 Ng2 33. Kc3 a3 34. f5 Ne3 35. e5+ Kxf5 36. c6 Nc2 37. Rf1+ Kg4 38. Nb3 Ne3 39. Rc1 Rb1 40. Kd2 Rxb3 41. c7 Nc4+ 42. Rxc4 a1Q 43. c8Q Qb2+ 44. Rc2 Qxd4+ 0-1